00308cam a22000977a 4500008004000000082001500040245006700055260005000122300000900172700002900181180718b1961 xxu||||| |||| 00| 0 eng d aO13x42 Un3 aSpecial hospitals: report working partycby Ministry of Health aLondonbHer Majesty's Stationery Officec1961 a24p. aU. K. Ministry of Health